Children's illustrated dictionary

Bibliographic Details
Other Authors: Grisewood, John, Morris Neil, Morris Ting
Format: Book
Published: England : Parragon Books Publishers , 1999
Subjects:

MARC

LEADER 00000cam a2200000 7i4500
001 0000023394
005 20090115.0
008 080909
020 |a 0752531344 
090 0 0 |a DIC   |b ENG 
245 1 0 |a Children's illustrated dictionary   |c authors by John Grisewood ; Neil Morris ; Ting Morris 
260 |a England :   |b Parragon Books Publishers ,   |c 1999 
650 0 |a Children's encyclopeadias and dictionaries 
700 1 |a Grisewood, John 
700 1 |a Morris Neil 
700 1 |a Morris Ting 
999 |a 0001025204   |b Book   |c REFERENCE   |e Perbadanan Perpustakaan Awam Johor 
999 |a 0001025205   |b Book   |c REFERENCE   |e Perbadanan Perpustakaan Awam Johor